000 00540nam a2200229Ia 4500
003 OSt
005 20230719145549.0
008 210329s9999||||xx |||||||||||||| ||und||
020 _a9788173717413
040 _cSTCPL
041 _aENG
082 _a523.8
_bSRI-W
100 _aSrinivasan, G
245 0 _aWhat are the stars ? /
_cby G Srinivasan
260 _aHyderabad :
_bUniversities Press ,
_c2011 .
300 _a246 p.
_bPB
650 _aStars
650 _aSounds of th sun
942 _cBK
942 _2ddc
942 _2ddc
999 _c63152
_d63152